| 000 | 01347cam a2200421 a 4500 | ||
|---|---|---|---|
| 001 | 2169 | ||
| 005 | 20250820110024.0 | ||
| 020 | _a9780061554100 | ||
| 020 | _a0061554103 | ||
| 020 | _a9780061554094 | ||
| 020 | _a006155409X | ||
| 040 |
_aDLC _cDLC _dIG# _dBTCTA _dUKM _dBIB _dSOM _dDLC _beng |
||
| 050 | 0 | 0 |
_aPZ7.G9846 _bOff 2009 |
| 082 | _a813.54 | ||
| 100 | 1 | _aGutman, Dan | |
| 245 | 1 | 0 |
_aOfficer Spence makes no sense! / _cDan Gutman ; pictures by Jim Paillot. |
| 250 | _aFirst Edition | ||
| 260 |
_aNew York : _bHarperTrophy, _c2009 |
||
| 300 |
_a100 pages : _billustrations _c20 cm |
||
| 490 | 1 |
_aMy weird school daze ; _v5 |
|
| 505 | _aK | ||
| 520 | _aElla Mentry School's security guard proves overzealous in his pursuit of a peanut-butter-and-jelly-sandwich thief. | ||
| 521 | 1 |
_a510 _bLexile |
|
| 521 | 1 |
_aK _bRaz-Plus |
|
| 650 | 0 |
_aTheft _vJuvenile fiction. |
|
| 650 | 0 |
_aSchools _vJuvenile fiction. |
|
| 650 | 0 |
_aSecurity guards _vJuvenile fiction. |
|
| 650 | 1 |
_aStealing _vFiction. |
|
| 650 | 1 |
_aSchools _vFiction. |
|
| 650 | 1 |
_aSecurity guards _vFiction. |
|
| 650 | 1 | _aHumorous stories. | |
| 655 | 0 | _aHumorous stories. | |
| 655 | 0 | _aChildren's stories. | |
| 655 | 7 |
_aHumorous fiction. _2gsafd |
|
| 700 | 1 |
_aPaillot, Jim _eillustrator |
|
| 906 |
_a7 _bcbc _corignew _d1 _eecip _f20 _gy-gencatlg |
||
| 942 |
_2ddc _cBK _n0 |
||
| 999 |
_c2169 _d2169 |
||